000 nam a22 a 4500
999 _c389972
_d389972
003 BLK
005 20201012113000.0
008 201012b bu ||||| |||| 00| 0 bu d
040 _aBLK
041 _aBUL
_cBUL
080 _aНемска литература
_b821.112.2
_x-31
_z821.112.2-31
100 _91299
_aШилер, Фридрих
_eпърви автор
245 _aДуховидец
_bРоман в 2 ч.
_cФ. Шиллер ; Прев. от Г. Кайтазов
_nЧ. 2.
260 _aРусе
_c1889
_fРусе : в. Славянин
300 _a23 с.
380 _aX
490 _9435080
_aКолекция Редки и ценни издания
760 _h86 с.
_oЧ. 2
852 _aРб 889
_bРц
942 _cKNG
_n0
_s1
944 _aCR
_c2020-10-12
_kВЙ